000 00355nam a2200121Ia 4500
008 240731s9999 xx 000 0 und d
022 _a1744-4160
245 0 _aArchives of Physiology and Biochemistry : The Journal of Metabolic Diseases
260 _bTaylor & Francis
856 _uhttps://www.tandfonline.com/loi/iarp20
942 _2ddc
942 _cTFEJ
999 _c75403
_d75403
945 _a1
_bMadushi Gamage
_c1
_dMadushi Gamage